000 00350nam a2200157Ia 4500
008 230605s2004 xx 000 0 und d
041 _aeng
100 _aAnderws
245 _aHotel Front office
260 _bTata Mc Graw Hill pub.
_c2004
_c2004
300 _a176
365 _b100
_h20
500 _a142
520 _aGeneral
650 _aF.O.
999 _c417943
_d417943